Maillot champion national cyclisme - Statistiques

Statistiques générales
  • Ce quiz a été pris 36 fois
  • Le résultat moyen est 23 sur 28
Statistiques - réponses
Par images Réponse % Correct
France
100%
Danemark
97%
Espagne
97%
Etats-Unis
97%
Italie
97%
Suisse
97%
Belgique
94%
Portugal
94%
Equateur
91%
Pays-Bas
91%
Croatie
88%
Luxembourg
88%
Irlande
85%
kazakhstan
85%
monde
85%
Norvège
85%
Serbie
85%
Slovénie
85%
Hongrie
82%
Pologne
82%
Bahreïn
79%
Europe
79%
Lettonie
79%
Australie
70%
Biélorussie
70%
Tchéquie
58%
Royaume-uni
55%
Taiwan
42%
Aucun quiz correspondant
Distribution des résultats
% des personnes avec chaque résultat
Percentile par nombre de réponses
Votre historique - résultats
Vous n’avez pas pris ce quiz